<?xml version="1.0" encoding="UTF-8"?>
<record
    xmlns:xsi="http://www.w3.org/2001/XMLSchema-instance"
    xsi:schemaLocation="http://www.loc.gov/MARC21/slim http://www.loc.gov/standards/marcxml/schema/MARC21slim.xsd"
    xmlns="http://www.loc.gov/MARC21/slim">

  <leader>01128cam a2200277 a 4500</leader>
  <controlfield tag="001">79876</controlfield>
  <controlfield tag="003">BD-RjUL</controlfield>
  <controlfield tag="005">20220530113159.0</controlfield>
  <controlfield tag="008">220530s1988    qa       b   f000 0 ara  </controlfield>
  <datafield tag="035" ind1=" " ind2=" ">
    <subfield code="a">(BD-RjUL)79876</subfield>
  </datafield>
  <datafield tag="040" ind1=" " ind2=" ">
    <subfield code="a">DLC-R</subfield>
    <subfield code="c">DLC-R</subfield>
    <subfield code="d">DLC</subfield>
    <subfield code="b">eng</subfield>
  </datafield>
  <datafield tag="041" ind1=" " ind2=" ">
    <subfield code="a">ara</subfield>
  </datafield>
  <datafield tag="082" ind1=" " ind2=" ">
    <subfield code="2">23</subfield>
    <subfield code="a">297.09</subfield>
    <subfield code="b">DHK 1988</subfield>
  </datafield>
  <datafield tag="100" ind1="1" ind2=" ">
    <subfield code="a">[Dhahab&#x12B;, Mu&#x1E25;ammad ibn A&#x1E25;mad, ] &#x630;&#x647;&#x628;&#x64A;&#x60C; &#x645;&#x62D;&#x645;&#x62F; &#x628;&#x646; &#x627;&#x62D;&#x645;&#x62F;&#x60C;, </subfield>
    <subfield code="d">1274-1348.</subfield>
    <subfield code="9">3280</subfield>
  </datafield>
  <datafield tag="245" ind1="1" ind2="0">
    <subfield code="a">&#x643;&#x62A;&#x627;&#x628; &#x62F;&#x648;&#x644; &#x627;&#x644;&#x627;&#x633;&#x644;&#x627;&#x645;.[ Kit&#x101;b duwal al-Isl&#x101;m ] = Les dynasties de l'Islam /</subfield>
    <subfield code="c">li-Hafi&#x1E93; Shams al-D&#x12B;n al-Dhahab&#x12B; &#x644;&#x62D;&#x627;&#x641;&#x638; &#x634;&#x645;&#x633; &#x627;&#x644;&#x62F;&#x64A;&#x646; &#x627;&#x644;&#x630;&#x647;&#x628;&#x64A;[ (&#x663;&#x667;&#x666;-&#x668;&#x664;&#x667;&#x647;).]</subfield>
  </datafield>
  <datafield tag="250" ind1=" " ind2=" ">
    <subfield code="a">2nd.ed.</subfield>
  </datafield>
  <datafield tag="260" ind1=" " ind2=" ">
    <subfield code="a">Q&#x323;atar :</subfield>
    <subfield code="b">Id&#x101;rat I&#x1E25;y&#x101;&#x2BC; al-Tur&#x101;th al-Isl&#x101;mi,</subfield>
    <subfield code="c">1988.</subfield>
  </datafield>
  <datafield tag="300" ind1=" " ind2=" ">
    <subfield code="a">2 v. in 1.</subfield>
  </datafield>
  <datafield tag="490" ind1=" " ind2=" ">
    <subfield code="a">Publications de l'I.F.E.A.D;  </subfield>
    <subfield code="v">no 106.</subfield>
  </datafield>
  <datafield tag="504" ind1=" " ind2=" ">
    <subfield code="a">Includes bibliographical references.</subfield>
  </datafield>
  <datafield tag="651" ind1=" " ind2="0">
    <subfield code="a">Islamic Empire</subfield>
    <subfield code="x">History.</subfield>
    <subfield code="9">3281</subfield>
  </datafield>
  <datafield tag="830" ind1=" " ind2=" ">
    <subfield code="a">Publications de l'I.F.E.A.D; </subfield>
    <subfield code="v">no 106.</subfield>
    <subfield code="9">3282</subfield>
  </datafield>
  <datafield tag="942" ind1=" " ind2=" ">
    <subfield code="2">ddc</subfield>
    <subfield code="c">BK</subfield>
  </datafield>
  <datafield tag="999" ind1=" " ind2=" ">
    <subfield code="c">79876</subfield>
    <subfield code="d">79876</subfield>
  </datafield>
  <datafield tag="952" ind1=" " ind2=" ">
    <subfield code="0">0</subfield>
    <subfield code="1">0</subfield>
    <subfield code="2">ddc</subfield>
    <subfield code="4">0</subfield>
    <subfield code="7">1</subfield>
    <subfield code="8">NFIC</subfield>
    <subfield code="a">RUCL</subfield>
    <subfield code="b">RUCL</subfield>
    <subfield code="c">Reading</subfield>
    <subfield code="d">1968-09-17</subfield>
    <subfield code="e">Zeitlinger</subfield>
    <subfield code="g">106.00</subfield>
    <subfield code="o">297.09 DHK V-2  1988</subfield>
    <subfield code="r">2022-05-30 00:00:00</subfield>
    <subfield code="t">C-1</subfield>
    <subfield code="y">BK</subfield>
  </datafield>
</record>
